LEADER 02859nam0 2200481 i 450 001 BVEE014136 005 20170908093159.0 012 $aume- **** eqe- duui (3) 1546 (R)$2fei$9Caratteri greci 100 $a20130123d1546 ||||0itac50 ba 101 | $alat 102 $afr 181 1$6z01$ai $bxxxe 182 1$6z01$an 200 1 $a˜Luciani Samosatensis œopera, quae quidem extant, omnia, a Graeco sermone in Latinum conuersa, nunc postremum multo diligentius & melius quam antè, ad Graecum exemplar correcta & emendata 210 $aParisiis$cimprimebat Michaël Vascosanus sibi & Iohanni Roigny$d1546 $e\Parigi!$gimprimebat Michaël Vascosanus$h1546 mense Ianuario 215 $a\26!, 382 c.$d2º 300 $aTrad. di Jacobus Micyllus il cui nome figura nella pref. e di altri elencati nel v. del front 300 $aCors. ; gr. ; rom 300 $aSegn.: α-γ⁶δ⁸A-3A⁸3B⁶ 300 $aIniziali xil. 316 $a1 v. - Mutilo della prima carta. - Legatura e diversi fascicoli divelti. - Timbro RB sul front. - Nota manoscritta sul front.: Domus. Profess. Neap. Soc. Jesu... - Carta ossidata$5IT-NA0079, SALA FARN.43. F 29 317 $aPossessore: *Gesuiti . $5IT-NA0079 SALA FARN. 43. F 29 500 10$aOpera$3BVEE014139$9CFIV010826$925572 620 $dParigi$3TO0L002626 700 0$aLucianus$3CFIV010826$4070$0159729 702 1$aMoltzer$b, Jakob$f <1503-1558>$3BVEV019155 712 02$aVascosan, Michel & Roigny, Jean$3BVEV039155$4650 712 02$aGesuiti$c $3NAPP000036$4390$5IT-NA0079 SALA FARN. 43. F 29 790 1$aMicyllus$b, Iacobus$3BVEV052778$zMoltzer, Jakob <1503-1558> 790 1$aMicyllus$b, Jacobus$3VEAV466027$zMoltzer, Jakob <1503-1558> 790 0$aLuciano$3CFIV010827$zLucianus 790 0$aLuciano : di Samosata$3CFIV032874$zLucianus 790 0$aLuciano di Samosata$3CFIV032875$zLucianus 790 0$aLucien$3MILV207438$zLucianus 790 0$aLucianus : Samosatensis$3PUVV193437$zLucianus 791 02$aRoigny, Jean & Vascosan, Michel$3BVEV039157$zVascosan, Michel & Roigny, Jean 801 3$aIT$bIT-NA0079$c20130123 850 $aIT-NA0079 912 $aBVEE014136 950 0$aBiblioteca Nazionale Vittorio Emanuele III$c1 v.$d BNSALA FARN.43. F 29$e BNA010014679935 C 1 v. - Mutilo della prima carta. - Legatura e diversi fascicoli divelti. - Timbro RB sul front. - Nota manoscritta sul front.: Domus. Profess. Neap. Soc. Jesu... - Carta ossidata$fC $h20130123$i20130123$lNota manoscritta sul front.: Domus. Profess. Neap. Soc. Jesu...$mEx libris$lMutilo della prima carta. - Legatura e diversi fascicoli divelti. - Carta ossidata$mImperfezioni$lTimbro RB sul front.$mTimbri storici della biblioteca proprietaria 977 $a BN 996 $aOpera$925572 997 $aUNISANNIO LEADER 02480nam0 2200445 i 450 001 NAP0383541 005 20251003044248.0 010 $a887431356X 020 $aIT$b2007-7966 100 $a20081107d2006 ||||0itac50 ba 101 | $aita 102 $ait 181 1$6z01$ai $bxxxe 182 1$6z01$an 183 1$6z01$anc$2RDAcarrier 200 1 $aLa cancelleria del Regno di Sicilia in et angioina $fStefano Palmieri 210 $a[Napoli]$cAccademia Pontaniana$d2006 215 $a217 p.$d24 cm. 225 | $aQuaderni dell'Accademia Pontaniana$v48 410 0$1001CFI0058476$12001 $aQuaderni dell'Accademia Pontaniana$v48$171202$aAccademia Pontaniana$3CFIV069339 606 $aRegno di Napoli. 1266-1817$xCancelleria$xSec. 13.-15.$2FIR$3NAPC217887$9I 676 $a945.7$9Storia d'Italia. Italia meridionale$v22 676 $a945.7052$9STORIA. ITALIA MERIDIONALE. CARLO I, CARLO II, ROBERTO D'ANGIO, 1266-1343$v21 676 $a945.7052$9Storia dell'Italia meridionale. Periodo di Carlo , Carlo II, Roberto d'Angi, 1266-1343$v22 676 $a945.7052$9STORIA. ITALIA MERIDIONALE. 1266-1343$v23 676 $a945.804$9STORIA DELLA SICILIA E ISOLE ADIACENTI. PERIODO DELLA DOMINAZIONE SVEVA E DELLA DOMINAZIONE ANGIOINA, 1189-1302$v21 700 1$aPalmieri$b, Stefano$f <1958- >$3CFIV035731$4070$0315971 801 3$aIT$bIT-000000$c20081107 850 $aIT-BN0095 $aIT-BN0013 $aIT-NA0043 $aIT-CE0060 $aIT-NA0079 $aIT-NA0070 $aIT-NA0120 $aIT-AV0045 $aIT-NA0095 $aIT-NA0313 $aIT-NA0097 901 $bNAP SB$cSAB-CAM $n$ 901 $bNAP MV$cF $nDEPOSITO LIBRARIO SCIENZE SOCIALI SALA F 901 $bNAP BN$cMAGAZZINO $nmagazzini correnti divisi per anni 901 $bNAP SP$cNF. $nNUOVO FONDO 901 $bNAP 01$cPOZZO LIB.$nVi sono collocati fondi di economia, periodici di ingegneria e scienze, periodici di economia e statistica e altri fondi comprendenti documenti di economia pervenuti in dono. 901 $bNAP 46$cPERIODICI $n$ 912 $aNAP0383541 950 0$aBiblioteca Centralizzata di Ateneo$c1 v.$d 01POZZO LIB.DONI DEMM 311$e 01 0000128625E VMA 1 v.$fB $h20230927$i20230927 977 $a 01$a 46$a AN$a AS$a BN$a BU$a CR$a MV$a SB$a SE$a SP 996 $aCancelleria del Regno di Sicilia in et angioina$932819 997 $aUNISANNIO